| 000 | 00760nam a2200277Ia 4500 | ||
|---|---|---|---|
| 003 | OSt | ||
| 005 | 20231005125636.0 | ||
| 008 | 210323s9999||||xx |||||||||||||| ||und|| | ||
| 020 | _a0074632582 | ||
| 040 | _cSTCPL | ||
| 041 | _aENG | ||
| 082 |
_a616.075 6 _bKAN-M V.2 |
||
| 245 | 0 |
_aMedical laboratory technology : _bA procedure manual for routine diagnostic tests Vol.2 / _cedited by Kanai L. Mukherjee |
|
| 260 |
_aNew Delhi : _bMcGraw Hill Education (India) Private Limited , _c2003. |
||
| 300 |
_bPB _a891 |
||
| 650 | _aCytology | ||
| 650 | _aBiochemistry | ||
| 650 | _aMicrobiology | ||
| 700 | _aMukherjee, Kanai L. (ed.) | ||
| 942 | _cBK | ||
| 942 | _2ddc | ||
| 942 |
_2ddc _n0 |
||
| 942 |
_2ddc _n0 |
||
| 942 |
_2ddc _n0 |
||
| 942 |
_2ddc _n0 |
||
| 999 |
_c80212 _d80212 |
||